Sports Quiz

Random Sports or Football Quiz

2017/18 Premier League Shirt Numbers: 1-11 Quiz Stats

 Plays Quiz not verified by Sporcle

Score 0/220 Timer 20:00
0 Plays Today
% Correct
--
100%
--
99.8%
--
99.8%
--
99.8%
--
99.8%
--
99.8%
--
99.8%
--
99.8%
--
99.8%
--
99.8%
--
99.8%
--
99.8%
--
99.8%
--
99.8%
--
99.8%
--
99.8%
--
99.8%
--
99.8%
--
99.8%
--
99.8%
--
99.8%
Alexis Sánchez
91.7%
88.7%
Virgil van Dijk
85.1%
Davinson Sánchez
85.1%
Mesut Özil
81.8%
--
81.6%
David de Gea
81.4%
Romelu Lukaku
80.5%
Eden Hazard
80%
Ross Barkley
79.8%
Sergio Agüero
79.5%
Harry Kane
77.9%
Álvaro Morata
77.7%
Jamie Vardy
77.5%
Kyle Walker
77.5%
Roberto Firmino
77%
Henrikh Mkhitaryan
76.1%
Hugo Lloris
76.1%
Phil Jones
75.9%
--
75.4%
--
75.2%
Wayne Rooney
74.9%
Aaron Ramsey
74.5%
N'Golo Kanté
74.3%
Mohamed Salah
74.3%
Raheem Sterling
74%
Juan Mata
74%
Alexandre Lacazette
73.8%
Jordan Pickford
73.8%
Loris Karius
73.6%
Vincent Kompany
73.3%
Anthony Martial
72.9%
Pedro
71%
Claudio Bravo
71%
Paul Pogba
70.8%
Marcos Alonso
70.3%
Cesc Fàbregas
70.3%
70.3%
--
70.3%
Alexander Sørloth
69.9%
Nathaniel Clyne
69.9%
Son Heung-min
69.7%
--
69.4%
Kasper Schmeichel
69.2%
Dejan Lovren
69.2%
John Stones
69.2%
Danny Rose
69.2%
James Milner
68.7%
Wes Morgan
68.5%
Jan Vertonghen
68.5%
Laurent Koscielny
68.3%
Wilfried Zaha
68.3%
Jack Wilshere
67.8%
% Correct
Leighton Baines
67.1%
Eric Bailly
66.7%
Kieran Trippier
66.2%
Per Mertesacker
66%
Jack Butland
65.3%
Guido Carrillo
65.1%
Antonio Rüdiger
64.8%
Terence Kongolo
64.4%
Gerard Deulofeu
64.4%
Tom Heaton
64.1%
Danny Simpson
63.9%
Heurelho Gomes
63.7%
Troy Deeney
63.7%
Moritz Bauer
63.4%
Georges-Kévin N’Koudou
63.2%
Marcos Rojo
63.2%
Ashley Williams
62.5%
Ki Sung-yueng
62.1%
Ben Foster
62.1%
Toby Alderweireld
61.8%
Artur Boruc
61.6%
Danilo
61.6%
Victor Lindelöf
61.6%
Willy Caballero
60.7%
Robert Huth
60.5%
Érik Lamela
60.5%
İlkay Gündoğan
59.8%
Joel Ward
59.5%
Georginio Wijnaldum
59.3%
Phil Jagielka
59.1%
Sean Scannell
58.4%
Łukasz Fabiański
58.4%
Andy Carroll
58.4%
Steve Cook
57%
Danny Drinkwater
57%
Demarai Gray
57%
Marc Albrighton
57%
Yohan Cabaye
56.6%
Michael Keane
55.4%
--
54.5%
--
54%
Mathew Ryan
53.1%
Dwight Gayle
52.9%
Sam Vokes
52.4%
Salomón Rondón
52.4%
Charlie Daniels
52.2%
Ben Mee
52.2%
Tommy Smith
52.2%
Nathan Aké
51.7%
Harry Arter
51.7%
Rob Elliot
51.7%
Aaron Mooy
51.5%
--
51.5%
Simon Francis
51%
Julian Speroni
51%
Jonjo Shelvey
50.8%
Andros Townsend
50.6%
Theo Walcott
50.6%
Shane Long
50.3%
Chris Wood
49.4%
Charlie Austin
49%
Dušan Tadić
49%
Winston Reid
49%
Maya Yoshida
48.7%
Leroy Fer
48.5%
Marko Arnautović
48%
Jonny Evans
46.9%
Manuel Lanzini
46.9%
Scott Dann
46.7%
Jonas Lössl
46.2%
Aaron Cresswell
46.2%
Wilfried Bony
45.5%
Ben Chilwell
45.3%
Jesé Rodríguez
44.8%
% Correct
Ashley Barnes
44.6%
Jamaal Lascelles
44.6%
Steven Davis
44.4%
Morgan Schneiderlin
43.9%
Bruno
43.4%
Andrew Surman
43.2%
Joe Allen
43.2%
Kurt Zouma
43.2%
Richarlison
43.2%
Lewis Dunk
42.8%
James Tarkowski
42.8%
Tammy Abraham
42.1%
Matt Ritchie
41.4%
Cédric Soares
41.1%
Chris Brunt
40.7%
Erik Pieters
40.5%
Matthew Lowton
39.8%
Alfie Mawson
39.5%
Cheikhou Kouyaté
39.3%
Dale Stephens
38.9%
Patrick van Aanholt
38.9%
Jack Stephens
38.9%
Pablo Zabaleta
38.6%
James Tomkins
38.4%
Yannick Bolasie
38.4%
Anthony Knockaert
38.2%
Tom Cleverley
37.2%
Jack Cork
36.6%
Saido Berahino
36.1%
Dan Gosling
35.9%
Kieran Gibbs
35.6%
Glen Johnson
34.9%
Daryl Janmaat
34.9%
Allan Nyom
34.7%
Ciaran Clark
34.5%
Sebastian Prödl
34.3%
Marc Pugh
34%
Tomer Hemed
34%
Matt Phillips
33.3%
Kelechi Iheanacho
32.2%
Leon Britton
32.2%
Luka Milivojević
31.3%
Paul Dummett
31.3%
Miguel Britos
31%
James Morrison
30.3%
Eric Maxim Choupo-Moting
30.1%
Elias Kachunga
29%
Charlie Taylor
28.5%
Ruben Loftus-Cheek
28.5%
Gaëtan Bong
28%
Claudio Yacob
28%
Jake Livermore
27.8%
Jacob Murphy
26.2%
Wesley Hoedt
25.5%
Younès Kaboul
24.6%
Mohamed Diamé
24.4%
Hal Robson-Kanu
24.4%
Dean Marney
24.1%
Kevin Wimmer
24.1%
Luciano Narsingh
23.7%
Adrian Mariappa
22.5%
Mike van der Hoorn
21.4%
Philip Billing
20.2%
Jonathan Hogg
19.5%
Stephen Ireland
19.5%
Scott Malone
19.1%
Sam Baldock
17.9%
Beram Kayal
15.9%
Uwe Hünemeier
12.4%
Dean Whitehead
11.7%
Jiří Skalák
10.6%
Abdelhamid Sabiri
10.6%

You're not logged in!

Compare scores with friends on all Sporcle quizzes.
OR
Log In

Show Comments

Extras

Top Quizzes Today


Score Distribution

Your Account Isn't Verified!

In order to create a playlist on Sporcle, you need to verify the email address you used during registration. Go to your Sporcle Settings to finish the process.

Report this User

Report this user for behavior that violates our Community Guidelines.

Details: